Convivenza o matrimonio? : una scelta consapevole /

Guardat en:
Dades bibliogràfiques
Autor principal: Pirrone, Marcella (Autor)
Format: Llibre
Idioma:italià
alemany
Etiquetes: Afegir etiqueta
Sense etiquetes, Sigues el primer a etiquetar aquest registre!

MARC

LEADER 00000nam a22000007i 4500
001 IT\ICCU\UBO\2600567
003 ItRI
005 20260115232324.0
008 041129s2004 it |||||| ||||| |||||c
040 |b ita  |c importazione bologna sebina 
041 7 |a ita  |a ger  |2 ISO-639-2 
100 1 |a Pirrone, Marcella  |0 IT\ICCU\UBOV\929023  |4 aut 
245 1 0 |a Convivenza o matrimonio? :  |b una scelta consapevole /  |c Marcella Pirrone. -[Bolzano] : [s.n.], stampa 2004. 
246 1 1 |a Zusammenleben oder Heiraten?  |9 IT\ICCU\UBO\2601124 
300 |a 48 p. ;  |c 26 cm 
500 |a Pubbl. bifronte. 
942 |2 ddc  |c BK  |n 0 
952 |0 0  |1 0  |4 0  |6 DOC_346_450000000000000_PIR  |7 0  |9 24168  |a BO  |b BO  |d 2026-01-15  |i 8611  |l 0  |o DOC 346.450 PIR  |p BO8611  |r 2026-01-15 23:23:24  |w 2026-01-15  |x [Sebina 5] [1 v.]  |y BK  |z 1 v. 
999 |c 20574  |d 20574